| 000 | 00418cam a2200157ua 4500 | ||
|---|---|---|---|
| 041 |
_aeng _h |
||
| 082 |
_a001 _bSUB/GE |
||
| 100 | _aSubburaj, V.V.K . | ||
| 245 |
_aGeneral Knowledge for competitive examinations / _cV.V.K.Subburaj. _hTextual Documents |
||
| 260 |
_aChennai : _bSura College of competition , _c2008. |
||
| 300 | _a ; . | ||
| 504 | _a | ||
| 942 | _cBK | ||
| 999 |
_c13528 _d13528 |
||